LEADER 02804oas 2200973 a 450 001 9910892853903321 005 20260212213014.0 011 $a1029-2314 035 $a(DE-599)ZDB2030743-3 035 $a(DE-599)2486523-0 035 $a(OCoLC)60640284 035 $a(CONSER) 2008242194 035 $a(CKB)954925598611 035 $a(EXLCZ)99954925598611 100 $a20050615b19932000 sy 101 0 $aeng 135 $aurun||||||||| 181 $ctxt$2rdacontent 182 $cc$2rdamedia 183 $acr$2rdacarrier 200 10$aCell adhesion & communication 210 $aYverdon, Switzerland ;$aNew York $cHarwood Academic Publishers 311 08$a1061-5385 517 3 $aCell adhesion and communication 606 $aCell adhesion$vPeriodicals 606 $aCell interaction$vPeriodicals 606 $aCellular signal transduction$vPeriodicals 606 $aCell Adhesion 606 $aCell Communication 606 $aReceptors, Cytoadhesin 606 $aSignal Transduction 606 $aCell adhesion$2fast$3(OCoLC)fst00850164 606 $aCell interaction$2fast$3(OCoLC)fst00850189 606 $aCellular signal transduction$2fast$3(OCoLC)fst00850288 606 $aCellules$xAdhe?sivite?$vPe?riodiques 606 $aCellules$xInteraction$vPe?riodiques 606 $aTransduction du signal cellulaire$vPe?riodiques 606 $aCellules$xAdhe?sivite? 606 $aCellules$xInteraction 606 $aTransduction du signal cellulaire 608 $aPeriodical 608 $aPeriodicals.$2fast 608 $aPeriodicals.$2lcgft 608 $aperiodicals.$2aat 608 $aPe?riodiques.$2rvmgf 615 0$aCell adhesion 615 0$aCell interaction 615 0$aCellular signal transduction 615 12$aCell Adhesion 615 22$aCell Communication 615 22$aReceptors, Cytoadhesin 615 22$aSignal Transduction 615 7$aCell adhesion. 615 7$aCell interaction. 615 7$aCellular signal transduction. 615 6$aCellules$xAdhe?sivite? 615 6$aCellules$xInteraction 615 6$aTransduction du signal cellulaire 615 6$aCellules$xAdhe?sivite?. 615 6$aCellules$xInteraction. 615 6$aTransduction du signal cellulaire. 676 $a574 801 0$bOCLCS 801 1$bOCLCS 801 2$bMYG 801 2$bPFM 801 2$bOCLCQ 801 2$bOCLCF 801 2$bOCLCQ 801 2$bLVT 801 2$bVT2 801 2$bOCLCQ 801 2$bOCLCO 801 2$bOCLCQ 801 2$bOCLCL 801 2$bUAB 801 2$bU3G 801 2$bCASUM 801 2$bLEAUB 801 2$bDLC 906 $aJOURNAL 912 $a9910892853903321 996 $aCell adhesion & communication$94272582 997 $aUNINA LEADER 02393oas 2200793 a 450 001 9910144225603321 005 20260218112602.0 035 $a(DE-599)ZDB2170163-5 035 $a(OCoLC)49918027 035 $a(CONSER) 2002214262 035 $a(CKB)991042728151458 035 $a(DE-599)2170163-5 035 $a(EXLCZ)99991042728151458 100 $a20020604b20022002 sy a 101 0 $aeng 135 $aurcnu|||||||| 181 $ctxt$2rdacontent 182 $cc$2rdamedia 183 $acr$2rdacarrier 200 04$aThe Internet journal of medical simulation and technology 210 $aSugar Land, Tex. $cInternet Scientific Publications$d2002 300 $aRefereed/Peer-reviewed 300 $aTitle from caption (publisher's Web site, initially viewed June 4, 2002; later viewed Nov. 3, 2005). 311 08$a1540-2657 517 3 $aJournal of medical simulation and technology 517 3 $aMedical simulation and technology 531 0 $aInternet j. med. simul. technol. 606 $aDiagnosis$xData processing$vPeriodicals 606 $aClinical medicine$xComputer programs$vPeriodicals 606 $aDiagnosis, Computer-Assisted 606 $aTherapy, Computer-Assisted 606 $aComputer Simulation 606 $aSoftware 606 $aClinical medicine$xComputer programs$2fast$3(OCoLC)fst00864365 606 $aDiagnosis$xData processing$2fast$3(OCoLC)fst00892279 608 $aPeriodical. 608 $aPeriodicals.$2fast 615 0$aDiagnosis$xData processing 615 0$aClinical medicine$xComputer programs 615 12$aDiagnosis, Computer-Assisted. 615 22$aTherapy, Computer-Assisted. 615 22$aComputer Simulation. 615 22$aSoftware. 615 7$aClinical medicine$xComputer programs. 615 7$aDiagnosis$xData processing. 676 $a610 801 0$bNSD 801 1$bNSD 801 2$bNLM 801 2$bOCLCQ 801 2$bCUS 801 2$bZYU 801 2$bNSD 801 2$bNLM 801 2$bOCLCQ 801 2$bOCLCF 801 2$bOCLCQ 801 2$bVT2 801 2$bOCLCO 801 2$bS2H 801 2$bOCLCQ 801 2$bOCLCA 801 2$bOCLCQ 801 2$bOCLCL 801 2$bOCLCQ 906 $aJOURNAL 912 $a9910144225603321 996 $aThe Internet journal of medical simulation and technology$92162838 997 $aUNINA